Journal on Law, Economy & Management
Salvato in:
| Natura: | Periodico |
|---|---|
| Lingua: | inglese |
| Pubblicazione: |
London
STS Science Centre
|
| Tags: |
Nessun Tag, puoi essere il primo ad aggiungerne!!
|
MARC
| LEADER | 00000nas1a2200000 4500 | ||
|---|---|---|---|
| 001 | 0277561 | ||
| 005 | 20210728092512.8 | ||
| 022 | |a 2048-4186 | ||
| 041 | 0 | |a eng | |
| 044 | |a GB | ||
| 245 | 1 | 0 | |a Journal on Law, Economy & Management |
| 264 | 1 | |a London |b STS Science Centre | |